| 000 | 00443nam a2200109Ia 4500 | ||
|---|---|---|---|
| 008 | 160909s9999 xx 000 0 und d | ||
| 100 | _aWhealon, Teri M. | ||
| 245 | _aImpact of Supplemental Video Pre Lab Material for a Biochemistry Lab Practical on Student Overall Preparedness | ||
| 260 |
_bSouthern Illinois University at Edwardsville. _c2016 |
||
| 650 | _aMULTIMEDIA ARTS | ||
| 856 | _uhttp://pqdtopen.proquest.com/doc/1799278037.html?FMT=ABS | ||
| 999 |
_c304287 _d304287 |
||